000 00700nam a2200193Ia 4500
008 240729s9999 xx 000 0 und d
022 _a1941-8043
245 0 _aJournal of Collective Bargaining in the Academy
260 _aUnited States
260 _bNational Center for the Study of Collective Bargaining in Higher Education and the Professions
650 _a Industrial arbitration. Meditation and conciliation
650 _a Industries. Land use. Labor
650 _a Labor. Work. Working class
650 _a Special aspects of education | Social Sciences
650 _aEducation
856 _uhttps://doaj.org/toc/f62f8165075046c4b1cd4437ddbe4ffe
942 _2ddc
942 _cDOAJEJ
999 _c70590
_d70590
945 _a1
_bMadushi Gamage
_c1
_dMadushi Gamage